Gabriela Mistral y Cecília Meireles / (Record no. 183028)

MARC details
000 -LEADER
campo de control de longitud fija 00994nam a2200241 i 4500
001 - NÚMERO DE CONTROL
campo de control 183028
003 - IDENTIFICADOR DE NÚMERO DE CONTROL
campo de control ES-MaACL
005 - FECHA Y HORA DE LA ÚLTIMA TRANSACCIÓN
campo de control 20251019063057.0
008 - DATOS DE LONGITUD FIJA--INFORMACIÓN GENERAL
campo de control de longitud fija 140114s2003 bl |||| | spa d
020 ## - NÚMERO INTERNACIONAL ESTÁNDAR DEL LIBRO
Número Internacional Estándar del Libro 85-7440-063-7
100 1# - ENTRADA PRINCIPAL--NOMBRE DE PERSONA
Nombre de persona Mistral, Gabriela,
Fechas asociadas al nombre 1889-1957
9 (RLIN) 242376
245 10 - MENCIÓN DEL TÍTULO
Título Gabriela Mistral y Cecília Meireles /
Mención de responsabilidad, etc. ensayos de Cecília Meireles y Adriana Valdés ; poemas traducidos por Patricia Tejeda.
260 ## - PUBLICACIÓN, DISTRIBUCIÓN, ETC.
Lugar de publicación, distribución, etc. Rio de Janeiro :
Nombre del editor, distribuidor, etc. Academia Brasileira de Letras ;
Lugar de publicación, distribución, etc. Santiago de Chile :
Nombre del editor, distribuidor, etc. Academia Chilena de la Lengua,
Fecha de publicación, distribución, etc. 2003.
300 ## - DESCRIPCIÓN FÍSICA
Extensión 195 p. ;
Dimensiones 22 cm.
500 ## - NOTA GENERAL
Nota general Textos en castellano y portugués.
700 1# - ENTRADA AGREGADA--NOMBRE PERSONAL
Nombre de persona Meireles, Cecília,
Fechas asociadas al nombre 1901-1964
9 (RLIN) 154141
700 1# - ENTRADA AGREGADA--NOMBRE PERSONAL
Nombre de persona Valdés, Adriana.
9 (RLIN) 154142
700 1# - ENTRADA AGREGADA--NOMBRE PERSONAL
Nombre de persona Tejeda, Patricia.
9 (RLIN) 154143
852 ## - LOCALIZACIÓN
Ubicación ES-MaACL
Número de control de estantería A-12969
itemnumber 189961
Sublocalización o colección R.149801
Ubicación en estantería Depósito 1
Signatura antigua Olim: N-5969
Encuadernación Donación: Real Academia Española
914 ## - NOMBRE ENTIDAD DE DONANTE
RLIN 6336
Nombre de congreso/reunión o jurisdicción como elemento de entrada Real Academia Española
Unidad subordinada Donante
942 ## - ELEMENTOS DE ENTRADA SECUNDARIOS (KOHA)
Fuente del sistema de clasificación o colocación Clasificación decimal universal
Tipo de ítem Koha Libro impreso
Holdings
Estatus retirado Estado de pérdida Fuente del sistema de clasificación o colocación Estado de daño No para préstamo Biblioteca de origen Biblioteca actual Ubicación en estantería Fecha de adquisición Fuente de adquisición Total de préstamos Signatura topográfica completa Código de barras Visto por última vez Precio de reemplazo Tipo de ítem Koha
    Clasificación decimal universal     Biblioteca del Ateneo de Madrid Biblioteca del Ateneo de Madrid Depósito 1 14/01/2014 Donación   A-12969 1192367 23/02/2023 23/02/2023 Libro impreso